MARC

LEADER 00000nam0a2200000 4500
001 142845
005 20231031142905.0
010 |a 5283006220 
035 |a (RuTPU)RU\TPU\book\154806 
090 |a 142845 
100 |a 20080912d1991 m y0rusy50 ca 
101 0 |a rus 
102 |a RU 
105 |a a z 001zy 
200 1 |a Системы автоматизированного проектирования электрических машин  |f В. И. Геминтерн, А. М. Нахамкин, Е. В. Радина 
210 |a Москва  |c Энергоатомиздат  |d 1991 
215 |a 288 с.  |c ил. 
320 |a Библиогр.: с. 283-285. 
610 1 |a автоматизированное проектирование 
610 1 |a электрические машины 
610 1 |a проектирование 
610 1 |a автоматизация 
675 |a 621.313.001.6  |v 3 
700 1 |a Геминтерн  |b В. И.  |g Владимир Ильич 
701 1 |a Нахамкин  |b А. М.  |g Александр Мехелович 
701 1 |a Радина  |b Е. В.  |g Елена Владимировна 
801 1 |a RU  |b 63413507  |c 20080912  |g PSBO 
801 2 |a RU  |b 63413507  |c 20091112  |g PSBO 
900 |a Системы автоматизированного проектирования электрических машин 
942 |c BK